| 000 | 00000nam##2200000za#4500 |
| 001 | 9.633666 |
| 003 | CaOODSP |
| 005 | 20210624215432 |
| 007 | cr ||||||||||| |
| 008 | 150407|2007||||xxc|||||o f|0| 0 fre|d |
| 020 | |a978-0-662-73400-0 |
| 040 | |aCaOODSP|bfre |
| 043 | |an-cn--- |
| 086 | 1 |aR2-457/2007F-PDF |
| 110 | 1 |aCanada.|bAffaires indiennes et du Nord. |
| 245 | 13|aLa démographie des Indiens inscrits : |h[ressource électronique]|bprojections de la population, des ménages et des familles, 2004-2029 |
| 260 | |aOttawa - Ontario : |bAffaires indiennes et du Nord |c2007. |
| 300 | |a1p. : |bfigures, graphiques, photographies ; |e2 Annexes statistiques (22p., 102p.) |
| 500 | |aLe n° de catalogue (R2-457/2007) et l'ISBN (978-0-662-49807-0) de l'édition imprimée bilingue ont été incorrectement copiés dans l'édition électronique. |
| 590 | |a08-29|b2008-07-18 |
| 590 | |a12-05-Supp|b2012-03-02 |
| 691 | 07|aAutochtones|2gcpds |
| 775 | 08|tRegistered Indian demography : |w(CaOODSP)9.689248 |
| 776 | 0#|tRegistered Indian demography : |w(CaOODSP)9.668333 |
| 776 | 0#|tLa démographie des Indiens inscrits : |w(CaOODSP)9.668334 |
| 856 | 40|ahttp://publications.gc.ca|qPDF|s547 Ko|uhttps://publications.gc.ca/collections/collection_2008/inac-ainc/R2-457-2007F.pdf |
| 856 | 40|ahttp://publications.gc.ca|qPDF|s91 Ko|uhttps://publications.gc.ca/collections/collection_2008/inac-ainc/R2-457-2007F-1.pdf |
| 856 | 40|ahttp://publications.gc.ca|qPDF|s370 Ko|uhttps://publications.gc.ca/collections/collection_2008/inac-ainc/R2-457-2007F-2.pdf |